000 00633nam a2200193 a 4500
001 000023331
005 20200930022138.0
008 101202s2001 mx a r 000 0 spa d
020 _a9701842952
040 _aDO-SdBNP
_bspa
_cBNPHU
082 _a362.572
_bV483t
100 1 _aVerdeja López, Jorge
_948058
245 1 0 _aTres décadas de pobreza en México 1970-2000 :
_bdiagnóstico y propuestas /
_cJorge Verdeja López.
260 _aMéxico :
_bInstituto Politécnico Nacional,
_c2001.
300 _a206 p. :
_bil. ;
_c22 cm.
650 4 _aPobreza
_zMéxico
_948059
650 4 _aPobreza
_xAspectos sociales
_913885
049 _aBNGR
999 _c22828
_d22828